01379 2200397 4500001002100000005001500021035002000036007000300056008004100059020002200100040002200122082001600144084001800160090002200178090002200200100003100222245020600253250003500459300005800494650002300552700003600575700001900611700003100630700002800661700003100689700002100720700003900741850001200780504003300792264003800825336002100863337003000884338002300914999002200937990002200959INLIS00000000085923820210427105158 a0010-0421001143ta210427t2019 yoia g ind d a978-979-698-454-1 aYOPDYOGbindcrda04223a363.348 a363.348 ELY a aDEP 363.348 ELY a aCB-D.11 2019-38270 aElly Kuntjorowatiepenulis10aAnalisa manfaat bantuan sosial korban bencana alam /cpenulis, Elly Kuntjorowati, Sunit Agus Tri Cahyono, Warto, Tri Laksmi Udiati, Akhmad Purnama, Siti Wahyu Iryani, Suryani, Lidia Nugrahaningsih Ayal aCetakan pertama: Desember 2019 axii, 112 halaman :bilustrasi, tabel, grafik ;c24 cm 4aBantuan--xBencana0 aSunit Agus Tri Cahyonoepenulis0 aWartoepenulis0 aTri Laksmi Udiatiepenulis0 aAkhmad Purnamaepenulis0 aSiti Wahyu Iryaniepenulis0 aSuryaniepenulis0 aLidia Nugrahaningsih Ayalepenulis aYOPDYOG aBibliografi: halaman 111-11231aYogyakarta :bB2P3KS Press,c2019 2rdacontentateks 2rdamediaatanpa perantara 2rdacarrieravolume aCB-D.11/2019-3827 aCB-D.11/2019-3827